Historia genealógica de la Casa de Lara / (Record no. 189878)

MARC details
000 -LEADER
campo de control de longitud fija 00933nam a2200265 i 4500
001 - NÚMERO DE CONTROL
campo de control 189878
003 - IDENTIFICADOR DE NÚMERO DE CONTROL
campo de control SpMaBN
005 - FECHA Y HORA DE LA ÚLTIMA TRANSACCIÓN
campo de control 20250811063208.0
008 - DATOS DE LONGITUD FIJA--INFORMACIÓN GENERAL
campo de control de longitud fija 191217s1988 sp ai |||| |dspa d
020 ## - NÚMERO INTERNACIONAL ESTÁNDAR DEL LIBRO
Número Internacional Estándar del Libro 84-85918-31-2
080 ## - NÚMERO DE LA CLASIFICACIÓN DECIMAL UNIVERSAL
Número de la Clasificación Decimal Universal 929.52 Lara
100 1# - ENTRADA PRINCIPAL--NOMBRE DE PERSONA
Nombre de persona Salazar y Castro, Luis de,
Fechas asociadas al nombre 1658-1734
9 (RLIN) 101831
245 10 - MENCIÓN DEL TÍTULO
Título Historia genealógica de la Casa de Lara /
Mención de responsabilidad, etc. por Luis de Salazar y Castro.
260 ## - PUBLICACIÓN, DISTRIBUCIÓN, ETC.
Lugar de publicación, distribución, etc. [Bilbao] :
Nombre del editor, distribuidor, etc. Wilsen,
Fecha de publicación, distribución, etc. 1988.
300 ## - DESCRIPCIÓN FÍSICA
Extensión 3 v. :
Otras características físicas il. ;
Dimensiones 34 cm.
490 1# - MENCIÓN DE SERIE
Mención de serie Genealogía y heráldica
505 8# - NOTA DE CONTENIDO CON FORMATO
Nota de contenido con formato Contiene: t. III-IV y t. VI
534 ## - NOTA SOBRE LA VERSIÓN ORIGINAL
Frase introductoria Reprod. facs. de la ed. de:
Publicación, distribución, etc. del original En Madrid : en la Imprenta Real, por Mateo de Llanos y Guzmán, 1696.
600 37 - PUNTO DE ACCESO ADICIONAL DE MATERIA--NOMBRE DE PERSONA
Nombre de persona Lara (Familia)-
Subdivisión general Genealogía.
9 (RLIN) 169131
655 #7 - TERMINO DE INDIZACIÓN--GENERO/FORMA
Fuente del término tgfbne
9 (RLIN) 226495
Datos o término principal de género/forma Facsímiles
830 0# - PUNTO DE ACCESO ADICIONAL DE SERIE-TÍTULO UNIFORME
Título uniforme Genealogía y heráldica
9 (RLIN) 187955
852 ## - LOCALIZACIÓN
Ubicación ES-MaACL
Número de control de estantería L-32457-59
Nota libre - Enc. cart.
942 ## - ELEMENTOS DE ENTRADA SECUNDARIOS (KOHA)
Fuente del sistema de clasificación o colocación Clasificación decimal universal
Holdings
Estatus retirado Estado de pérdida Estado de daño No para préstamo Biblioteca de origen Biblioteca actual Ubicación en estantería Fecha de adquisición Fuente de adquisición Total de préstamos Signatura topográfica completa Código de barras Visto por última vez Precio de reemplazo Tipo de ítem Koha
        Biblioteca del Ateneo de Madrid Biblioteca del Ateneo de Madrid Depósito 2 17/12/2019     L-32457-59 1201411 23/02/2023 23/02/2023 Libro impreso